All King Von Songs - Statistics

General Stats
  • This quiz has been taken 975 times
    841 since last reset
  • The average score is 27 of 64
Answer Stats
Album Song % Correct
Grandson, Vol. 1 Crazy Story
94%
Grandson, Vol. 1 Crazy Story 2.0
94%
Grandson, Vol. 1 Crazy Story, Pt. 3
94%
Levon James Took Her to the O
85%
Welcome to O'Block Armed & Dangerous
70%
Levon James 3 A.M.
64%
Levon James 2 A.M.
62%
Welcome to O'Block Demon
59%
What It Means to Be King War
55%
What It Means to Be King Grandson for President
54%
Grandson, Vol. 1 No Flaws
51%
Welcome to O'Block All These N***as
49%
Welcome to O'Block The Code
49%
Welcome to O'Block Why He Told
49%
Welcome to O'Block Back Again
48%
Welcome to O'Block How It Go
48%
Welcome to O'Block Wayne's Story
47%
Welcome to O'Block Ride
46%
Welcome to O'Block GTA
45%
Welcome to O'Block I Am What I Am
45%
Grandson, Vol. 1 Twin Nem
45%
Welcome to O'Block Mine Too
44%
Grandson, Vol. 1 F**k Yo Man
43%
Welcome to O'Block Gleesh Place
43%
What It Means to Be King Evil Twins
42%
Levon James Broke Opps
41%
What It Means to Be King Don't Play That
41%
Grandson, Vol. 1 Went Silly
41%
What It Means to Be King Mad
39%
Levon James On Yo Ass
39%
Grandson, Vol. 1 War wit Us
39%
Levon James Down Me
38%
Grandson, Vol. 1 Tuff
38%
Grandson, Vol. 1 What It's Like
37%
Levon James Trust Issues
36%
What It Means to Be King Facetime
35%
Levon James Str8
35%
Welcome to O'Block Mad at You
34%
Levon James Message
34%
Levon James Rollin
34%
Grandson, Vol. 1 Hoes Ain't Sh*t
33%
What It Means to Be King Get It Done
32%
Grandson, Vol. 1 Mama's Boy
32%
Welcome to O'Block Can't Relate
31%
Grandson, Vol. 1 Jet
31%
What It Means to Be King Where I'm From
31%
What It Means to Be King Straight to It
30%
What It Means to Be King Too Real
30%
What It Means to Be King Trust Nothing
30%
Welcome to O'Block Ain't See It Coming
29%
Levon James Don't Want to Be Me
29%
What It Means to Be King My Fault
29%
Levon James Something Else
29%
Levon James Baguette's
28%
Levon James Block
28%
What It Means to Be King Get Back
28%
Levon James Same As Us
28%
What It Means to Be King Chase the Bag
27%
What It Means to Be King Rich Gangsta
27%
What It Means to Be King Hard to Trust
26%
What It Means to Be King Change My Life
25%
Levon James See Me Make It
25%
What It Means to Be King Go N Get Em
24%
What It Means to Be King Family Dedication Outro
22%
No matching quizzes found
Score Distribution
Percent of People with Each Score
Percentile by Number Answered
Your Score History
You have not taken this quiz since the last reset